Vol. 20, № 12; Analytical Chemistry

Podrobná bibliografie
Parent link:Analytical Chemistry/ American Chemical Society. Vol. 20, № 12.— , 1947-1973, 1976-1990, 1993-2002
Jazyk:angličtina
Vydáno: 1948
Médium: MixedMaterials Kniha
KOHA link:https://koha.lib.tpu.ru/cgi-bin/koha/opac-detail.pl?biblionumber=559828

MARC

LEADER 00000nam2a2200000 4500
001 559828
005 20251107155133.0
035 |a (RuTPU)RU\TPU\prd\254784 
035 |a RU\TPU\prd\254778 
090 |a 559828 
100 |a 20160401d1948 k||y0rusy50 ba 
101 0 |a eng 
102 |a US 
105 |a a z 000yy 
200 0 |a Vol. 20, № 12 
210 |d 1948 
215 |a p. 1A-40A, p. 1131-1252 
320 |a Author and Subject indexes at the end of the journal 
461 1 |0 379637  |t Analytical Chemistry  |f American Chemical Society  |v Vol. 20, № 12  |d 1947-1973, 1976-1990, 1993-2002  |9 379637 
801 0 |a RU  |b 63413507  |c 20010227  |g PSBO 
801 1 |a RU  |b 63413507  |c 20020228  |g PSBO 
801 2 |a RU  |b 63413507  |c 20190429  |g PSBO 
942 |c CR